000 00461nam a2200133 4500
999 _c6987
_d6987
008 170711b xxu||||| |||| 00| 0 eng d
022 _a16565541
082 _aDPer 641.05 F73 Dec 2012-Nov 2013 v. 9-10, n. 6-5
245 _aExtracting the best.
260 _aMakati City, Philippines:
_bHinge Inquirer Publications, Inc.,
_c©2012-2013.
300 _av9 n6, pages 64-65:
_billustrations;
_c28 cm.
650 0 _921119
_aBarista
_xCompetition
942 _2ddc
_cPER